[Event "Puchar Polski Niepelnosprawnych w szacha"]
[Site "Szklarska Poreba"]
[Date "2025.10.28"]
[Round "9.5"]
[White "Twarogiel, Tadeusz"]
[Black "Hagel, Mariusz"]
[Result "1-0"]
[WhiteElo "1886"]
[BlackElo "1918"]
[PlyCount "95"]
[EventDate "2025.??.??"]

1. d4 d5 2. Nf3 Nf6 3. Bf4 c5 4. c3 Qb6 5. Qb3 c4 6. Qc2 Nc6 7. Nbd2 g6 8. e3 Bf5 9. Qc1 Nh5 10. Bg3 Nxg3 11. hxg3 f6 12. Nh4 e6 13. Be2 g5 14. Bh5+ Kd8 15. Nxf5 exf5 16. Qc2 Ne7 17. b3 cxb3 18. axb3 Rc8 19. c4 f4 20. c5 Qe6 21. gxf4 gxf4 22. Qd3 f5 23. Nf3 Rg8 24. Ne5 Ng6 25. Bxg6 hxg6 26. exf4 a6 27. b4 g5 28. g3 Bg7 29. b5 gxf4 30. gxf4 Bxe5 31. fxe5 Qg6 32. bxa6 Qg2 33. Ke2 Qg4+ 34. Kd2 bxa6 35. Rxa6 Rb8 36. Kc3 Qf4 37. Rd6+ Ke8 38. Qe3 Qg4 39. Qh3 Ra8 40. Qxg4 fxg4 41. Rxd5 Ra2 42. c6 Rf8 43. c7 Rf3+ 44. Kb4 Rb2+ 45. Kc5 Ke7 46. Rh7+ Rf7 47. Rxf7+ Kxf7 48. Kd6 1-0